000 00552nam a2200145Ia 4500
008 220216s9999 xx 000 0 und d
100 _aOweis T
245 0 _aNew approaches to managing scarce water resources in agriculture
260 _bFood and Environment : 2nd International Agronomy Congress on Balancing Food and Environmental Security- A continuing Challenge : Extended Summaries. V.2, New Delhi, November 26-30, 2002
650 _aResource management
650 _aWater resources
700 _aHachum A
856 _uReprint
942 _cJS
999 _c63748
_d63748